Normal view
MARC view
- Burnett, David S
Entry Personal Name
001 - CONTROL NUMBER
- control field: 75736
003 - CONTROL NUMBER IDENTIFIER
- control field: NUST
005 - DATE AND TIME OF LATEST TRANSACTION
- control field: 20210628205458.0
008 - FIXED-LENGTH DATA ELEMENTS
- fixed length control field: 210628|| aca||aabn | a|a d
040 ## - CATALOGING SOURCE
- Original cataloging agency: NUST
- Transcribing agency: NUST
100 ## - HEADING--PERSONAL NAME
- Personal name: Burnett, David S
670 ## - SOURCE DATA FOUND
- Source citation: Work cat.: (NUST): Burnett, David S, Finite element analysis from concepts to applications, 1987
